| 000 | 00429nam a2200145 a 4500 | ||
|---|---|---|---|
| 001 | 000045425 | ||
| 005 | 20240229073949.0 | ||
| 008 | 150309s2014 dr 000 p spa d | ||
| 040 |
_aDO-SdBNP _bspa _cBNPHU |
||
| 082 |
_axxxx _bxxxx |
||
| 100 | 1 |
_aLantigua, José Rafael, _d1949- _91438 |
|
| 245 | 1 | 3 |
_aLa fatiga invocada / _cJosé Rafael Lantigua. |
| 260 |
_aSanto Domingo : _bEdiciones Centero, _c2014. |
||
| 300 |
_a53 p. ; _c23 cm. |
||
| 999 |
_c44914 _d44914 |
||